[Event "OLNO 1718 Greifswalder SV - FHSH Strals"]
[Site "Greifswald"]
[Date "2018.04.15"]
[Round "9.1"]
[White "Mehl, Ronald"]
[Black "Mueller, Nick"]
[Result "1/2-1/2"]
[WhiteElo "2098"]
[BlackElo "2310"]
[PlyCount "82"]
[EventDate "2018.??.??"]

1. d4 d5 2. Nf3 Nf6 3. c4 c6 4. Nc3 dxc4 5. a4 a5 6. e3 Bg4 7. Bxc4 e6 8. O-O
Na6 9. h3 Bh5 10. Be2 Nb4 11. Ne5 Bxe2 12. Qxe2 Be7 13. Rd1 O-O 14. e4 Nd7 15.
Nc4 Re8 16. Bf4 Nb6 17. Rd2 Nxc4 18. Qxc4 Rc8 19. Qe2 Bf6 20. Rad1 Qb6 21. Qg4
Kh8 22. Bg5 Bxg5 23. Qxg5 f6 24. Qh5 Re7 25. Qe2 Rce8 26. Qf3 Rd7 27. g3 Red8
28. Qe3 h6 29. Ne2 e5 30. Qc3 Qa6 31. dxe5 Rxd2 32. Rxd2 Rxd2 33. Qxd2 fxe5 34.
Qd8+ Kh7 35. Nc3 Nd3 36. Qf8 Qb6 37. Qf5+ Kh8 38. Qf8+ Kh7 39. Qf5+ Kh8 40.
Qf8+ Kh7 41. Qf5+ Kh8 1/2-1/2

[Event "OLNO 1718 Greifswalder SV - FHSH Strals"]
[Site "Greifswald"]
[Date "2018.04.15"]
[Round "9.2"]
[White "Leisner, Hannes"]
[Black "Hubert, Peter"]
[Result "1-0"]
[WhiteElo "2285"]
[BlackElo "2061"]
[PlyCount "69"]
[EventDate "2018.??.??"]

1. Nf3 Nf6 2. g3 d6 3. c4 e5 4. Bg2 g6 5. O-O Bg7 6. Nc3 O-O 7. d4 Nbd7 8. e4
c6 9. Re1 Qc7 10. h3 a6 11. b3 Re8 12. a4 Rb8 13. Ba3 c5 14. dxc5 dxc5 15. Nd5
Nxd5 16. cxd5 Bf8 17. Rc1 b5 18. Bf1 Qa5 19. h4 Qb6 20. Rb1 Nf6 21. Qc2 Bg4 22.
Nh2 Bd7 23. axb5 axb5 24. Bc1 Ng4 25. Nxg4 Bxg4 26. Be3 b4 27. Rec1 Rec8 28.
Ra1 Bd6 29. Ra6 Qd8 30. Rca1 Rb6 31. Ra7 Bf3 32. Bg5 Qf8 33. Bh3 Rc7 34. Qd3
Rxa7 35. Rxa7 1-0

[Event "OLNO 1718 Greifswalder SV - FHSH Strals"]
[Site "Greifswald"]
[Date "2018.04.15"]
[Round "9.3"]
[White "Glawe, Hartmut"]
[Black "Stubbe, Wilko"]
[Result "0-1"]
[WhiteElo "2040"]
[BlackElo "2213"]
[PlyCount "108"]
[EventDate "2018.??.??"]

1. d4 d5 2. Nf3 Nf6 3. c4 e6 4. e3 Be7 5. Nc3 O-O 6. Bd3 dxc4 7. Bxc4 c5 8. O-O
a6 9. a4 Nc6 10. d5 exd5 11. Nxd5 Nxd5 12. Bxd5 Nb4 13. Bc4 Bf5 14. Qxd8 Raxd8
15. Bd2 Nd5 16. Ba5 Rd6 17. Rfe1 Nb6 18. Bf1 Be6 19. b4 Nd7 20. e4 Bd8 21. Bxd8
Rxd8 22. e5 Rc6 23. b5 axb5 24. axb5 Rb6 25. Red1 h6 26. Rac1 Rc8 27. Rd2 Kf8
28. Rcd1 Ke7 29. Rd6 Ra8 30. Ne1 Rxd6 31. exd6+ Kd8 32. Be2 Ra5 33. Rb1 Nb6 34.
Nd3 Ra2 35. Bf1 Bf5 36. Rd1 Bxd3 37. Bxd3 Rb2 38. Be4 Rxb5 39. Bxb7 Kd7 40. Bf3
c4 41. Kf1 g6 42. Ke1 Re5+ 43. Kf1 Re6 44. Ra1 Kxd6 45. Ra5 Re5 46. Ra6 Rb5 47.
Ke1 Rb2 48. Kd1 Kc5 49. Ra7 f5 50. h4 Kd4 51. Ra5 h5 52. Kc1 Rxf2 53. Ra6 Kc5
54. Bb7 Rf4 0-1

[Event "OLNO 1718 Greifswalder SV - FHSH Strals"]
[Site "Greifswald"]
[Date "2018.04.15"]
[Round "9.4"]
[White "Kalhorn, Stefan"]
[Black "Kohn, Andreas"]
[Result "1/2-1/2"]
[WhiteElo "2122"]
[BlackElo "1955"]
[PlyCount "34"]
[EventDate "2018.??.??"]

1. d4 Nf6 2. c4 e5 3. dxe5 Ng4 4. Bf4 Bb4+ 5. Nd2 Nc6 6. Ngf3 Qe7 7. e3 O-O 8.
Be2 Ngxe5 9. Nxe5 Nxe5 10. a3 Bxd2+ 11. Qxd2 d6 12. O-O Bf5 13. Qc3 Rfe8 14.
Rfd1 Be4 15. Rac1 Ng6 16. Bg3 Qg5 17. f3 Bc6 1/2-1/2

[Event "OLNO 1718 Greifswalder SV - FHSH Strals"]
[Site "Greifswald"]
[Date "2018.04.15"]
[Round "9.5"]
[White "Paulowitz, Bernd-Rainer"]
[Black "Woll, Wilfried"]
[Result "0-1"]
[WhiteElo "1924"]
[BlackElo "1990"]
[PlyCount "104"]
[EventDate "2018.??.??"]

1. d4 d5 2. c4 e6 3. Nf3 c5 4. e3 Nf6 5. Nc3 a6 6. a3 cxd4 7. exd4 dxc4 8. Bxc4
b5 9. Bb3 Bb7 10. O-O Be7 11. Qd3 Nbd7 12. Bg5 Nc5 13. Qd1 Nxb3 14. Qxb3 Bxf3
15. gxf3 Qxd4 16. Rad1 Qc5 17. Be3 Qh5 18. Kg2 O-O 19. Ne2 Rfd8 20. Nf4 Qf5 21.
Rc1 Bd6 22. Ne2 Nd5 23. Ng3 Nxe3+ 24. fxe3 Bxg3 25. hxg3 Rd2+ 26. Rf2 Rxf2+ 27.
Kxf2 Qh3 28. Rg1 Rd8 29. Qc3 h6 30. Qc2 Qh2+ 31. Rg2 Qh1 32. Rg1 Qh5 33. Kg2
Qd5 34. Re1 Rd6 35. Re2 g6 36. Qc8+ Kg7 37. Rc2 e5 38. g4 Rf6 39. Rf2 Rc6 40.
Qb7 Qd6 41. Qa8 Rc1 42. Qe4 Rc4 43. Qb1 Qc6 44. Kg3 Qd6 45. Qe1 Qf6 46. Qd2 h5
47. b3 Rc6 48. e4 h4+ 49. Kg2 g5 50. a4 Rd6 51. Qc1 b4 52. Rc2 Rd3 0-1

[Event "OLNO 1718 Greifswalder SV - FHSH Strals"]
[Site "Greifswald"]
[Date "2018.04.15"]
[Round "9.6"]
[White "Reyer, Ulli"]
[Black "Manke, Karsten"]
[Result "1-0"]
[WhiteElo "2165"]
[BlackElo "1807"]
[PlyCount "63"]
[EventDate "2018.??.??"]

1. e4 e5 2. Nf3 Nc6 3. Bc4 Be7 4. O-O Nf6 5. Re1 d6 6. Bb3 O-O 7. c3 Bg4 8. h3
Bh5 9. d3 Qd7 10. Nbd2 d5 11. Qe2 d4 12. c4 Ne8 13. Ba4 Bxf3 14. Nxf3 Bf6 15.
Bd2 g6 16. b4 Ng7 17. c5 a6 18. Bb3 Rfe8 19. a3 Ne6 20. g3 Qe7 21. Rf1 Ng5 22.
Nxg5 Bxg5 23. f4 exf4 24. gxf4 Bh6 25. Qg4 Rf8 26. Be1 Bg7 27. Bh4 Qe8 28. Rae1
Kh8 29. e5 h5 30. Qg3 Qd7 31. e6 fxe6 32. Bxe6 1-0

[Event "OLNO 1718 Greifswalder SV - FHSH Strals"]
[Site "Greifswald"]
[Date "2018.04.15"]
[Round "9.7"]
[White "Vietinghoff, Klaus"]
[Black "Sowada, Christoph"]
[Result "1/2-1/2"]
[WhiteElo "1804"]
[BlackElo "1950"]
[PlyCount "32"]
[EventDate "2018.??.??"]

1. f4 e5 2. fxe5 d6 3. exd6 Bxd6 4. Nf3 g5 5. g3 g4 6. Nh4 Ne7 7. d4 Ng6 8.
Nxg6 hxg6 9. Qd3 Bf5 10. e4 Qe7 11. Bg2 Nc6 12. c3 O-O-O 13. Bf4 Bxe4 14. Qxe4
Qxe4+ 15. Bxe4 Rde8 16. Nd2 f5 1/2-1/2